MDQL
is popping MORE tags! Check the
thread
!
Quizzes
Events
Quiz Creation
Community
Videos
Private Events
Remove Ads
Sign In
Join for FREE
Feedback
Dark Mode
Quiz Categories
Sports
Geography
Music
Movies
Television
Just For Fun
Miscellaneous
History
Literature
Language
Science
Gaming
Entertainment
Religion
Holiday
For Kids
Quiz Lab
Recent
Popular Today
Quiz Kudos Today
Editor Picks
Curator Picks
Quizzes by...
Day
Popularity
Type
Ratings
Length
Year
Community
Subscriptions
Recent Discussions
Orange Saloon
Badges
Playlists
Quests
Create
Leaderboards
Showdown
Live 5
Trivia Bingo
Activity
Puzzle Library
Sporcle Events
Private Events
Virtual Trivia
Globe League
Become a Host
Pub Owners
SporcleCon
Opinionation
Our Games
Videos
Blog
Mobile Apps
Partnerships
Remove Ads and Go Orange
Feedback
Sports
Athletes
MLB
NBA
NHL
NFL
Soccer
Sports Teams
WWE
NCAA
Football
Premier League
Basketball
Baseball
Hockey
Golf
Tennis
Cricket
Rugby
Auto Racing
Olympics
World Cup
Sports
Athletes
MLB
NBA
NHL
NFL
Soccer
Sports Teams
WWE
NCAA
Football
Premier League
Basketball
Baseball
Hockey
Golf
Tennis
Cricket
Rugby
Auto Racing
Olympics
World Cup
Random Quiz
Search Sporcle
×
Quiz Lab
Quiz Lab
Sports
Football
Type in answers that appear in a list
Type in answers that appear in a list
Classic
Best Score? Go Orange.
UEFA Football Awards Stats
Can you name the the winners of the UEFA Football Awards since the 1997/1998 season?
By
estebanreyes
6m
36 Questions
375 Plays
375 Plays
375 Plays
Comments
Comments
Give Quiz Kudos
Give Quiz Kudos
-
- Ratings
hide this ad
Replay
Link that replays current quiz
Next Quiz
Link to next quiz in quiz playlist
You Got
0%
They Got
Avg Score
73%
Avg Friend Score
Upgrade to see
Score Distribution
Jump to the score distribution portion of the page
Score
0/36
Timer
06:00
0
Plays Today
% Correct
Ronaldo (Inter Milan, 1999)
96.3%
Cristiano Ronaldo (Man United, 2008)
96.3%
Iker Casillas (Real Madrid, 2000)
94.9%
Gianliugi Buffon (Juventus, 2003)
92.8%
Samuel Eto'o (Barcelona, 2006)
92.5%
Lionel Messi (Barcelona, 2009)
91.5%
Xavi (Barcelona, 2009)
89.3%
Petr Cech (Chelsea, '05, '07, '08)
88.8%
Oliver Kahn (Bayern, '99, '01, '02)
88.3%
Frank Lampard (Chelsea, 2008)
88%
Andriy Shevchenko (Dynamo Kyiv, 1999)
87.5%
Edwin van der Sar (Man United, 2009)
85.9%
John Terry (Chelsea, '05, '08, '09)
85.1%
Carles Puyol (Barcelona, 2006)
83.2%
Ronaldinho (Barcelona, 2005)
82.4%
Peter Schmeichel (Man United, 1998)
80.5%
Raul (Real Madrid, '00, '01, '02)
79.5%
Pavel Nedved (Juventus, 2003)
78.9%
% Correct
David Beckham (Man United, 1999)
76%
Michael Ballack (Leverkusen, 2002)
74.1%
Paolo Maldini (AC Milan, 2007)
73.1%
Kaka (AC Milan, 2005)
72.5%
Ruud van Nistelrooy (Man United, 2003)
72.5%
Kaka (AC Milan, 2007)
72.5%
Roberto Carlos (Real Madrid, '00, '02, '03)
70.7%
Deco (Porto 2004, Barcelona 2006)
67.7%
Ricardo Carvalho (Porto, 2004)
67.2%
Jens Lehmann (Arsenal, 2006)
66.7%
Fernando Morientes (Monaco, 2004)
56%
Fernando Hierro (Real Madrid, 1998)
55.5%
Jaap Stam (Man United, 1999)
52.8%
Vitor Baia (Porto, 2004)
50.4%
Clarence Seedorf (Real 1998, Milan 2007)
49.9%
Roberto Ayala (Valencia, 2001)
30.1%
Gaizka Mendieta (Valencia, 2001)
21.3%
Fernando Redondo (Real Madrid, 2000)
18.4%
Quiz Playlist
Details
Report
Send in Message
Add To Playlist
Classic:
Type in answers that appear in a list
Quiz Source
Last Updated: Feb 16, 2017
Quiz Scoreboard
CHALLENGE
Sign Up to Join the Scoreboard
Show All
Scores
Hide
Comments
May contain spoilers
Recently Published
Two Season TV Shows II
by 123Four
Television
10m
Image Sorting: Flags VI
by Barbecue
Geography
2m
Find the 'City' Movie
by crazypaving
Movies
60s
More to Explore
Quiz From the Vault
Featured Blog Post
14 Easter Pick-up Lines to Find Eggs With
hide this ad
You Might Also Like...
Tags
Football Quiz
1997
1998
Award
season
UEFA
Winner
Today's Top Quizzes in Sports
Browse Sports
hide this ad
Today's Top Quizzes in Football
Browse Football
Top Contributed Quizzes in Sports
1
Les meilleurs buteurs des matchs entre le PSG et l’OM
2
Les entraîneurs de l'OM et du PSG au 21e siècle
3
2022 World Cup Stars
4
Les joueurs passés par le PSG et l'OM
5
Players with Multiple 50 Home Run Seasons
6
Criteria MLB: Left Handed Sluggers
7
FIFA Club World Cup Champions
8
Les joueurs passés par le LOSC et le RC Lens
9
NBA Logic Puzzle 2.0
10
Top 10 NHL Goal Scorers of All Time
Explore More
Trending Topics
Harry Potter
NBA
Crossword
Marvel
Kpop
Anime
Disney
Soccer
Country
NFL
Song
The Office
Pokémon
Puzzle
WWE
hide this ad
More By:
estebanreyes
Quiz
Plays
Rating
Category
Featured
Created
Progressively Harder Soccer Club Trivia
397,734
2.52
Sports
May 6, 2012
Don't Get Blocked Country Trivia
46,077
3.43
Geography
Apr 5, 2012
'I Will Always Love You' by Other Songs
43,288
4.59
Music
Feb 15, 2012
Last 25 Years: Soccer Minefield
40,389
4.04
Sports
Feb 22, 2012
Queen Singles by Letter
28,030
4.62
Music
Feb 24, 2012
Go to Creator's Profile
Score Distribution
Quiz Creator Spotlight
estebanreyes
Follow
Send a Message
Quizzes Created
-
Created Quiz Play Count
-
More By This Creator
Popular Quizzes Today
1
Find the US States - No Outlines Minefield
2
Colored Red Africa Blitz
3
Find the 'City' Movie
4
5x2 Blitz: Bands
5
The Countries of the World
6
Find the Countries of Europe - No Outlines Minefield
7
Find the US States
8
US States
More Sports Quizzes
Shortest & Longest Big 4 Teams
Editor's Pick
Trending Quizzes
Colored Red Europe Blitz I
Colored Red Africa Blitz II
Colored Red Europe Blitz II
Colored Red Africa Blitz III
Colored Red Europe Blitz III
Recently Updated
How Do You Spell That?
pecheneg
Godzilla Movies
pecheneg
Grab Bag: 4-10 Letters
pecheneg
2024 March Madness Bracket
pecheneg
Famous TV Couples
Peacemaker
Champions League XIs: Real Madrid
pecheneg
Largest US Cities 1790-2010
pecheneg
Rides in Walt Disney World
pecheneg
Most Oscar Losses (Acting)
pecheneg
Beyoncé Albums
pecheneg
Trending Topics
Crossword
Marvel
NBA
Disney
Kpop
Anime
Harry Potter
NFL
The Office
Song
WWE
Country
Soccer
Pokémon
Puzzle
Your Account Isn't Verified!
In order to create a playlist on Sporcle, you need to verify the email address you used during registration. Go to your
Sporcle Settings
to finish the process.
Report this User
Report this user for behavior that violates our
Community Guidelines
.
Details:
Send Report
Go to the Sporcle.com Mobile Site →
Comments